000 00302nam a22001457a 4500
008 210511b ||||| |||| 00| 0 eng d
020 _a9780393937978
041 _aeng
080 _a33
082 _a33
100 _a56
101 _aBIZ
245 _aJust Business
_cRuggie,J.G
942 _2udc
_cBK
999 _c57222
_d57222